| LEADER | 01425nam a2200229 i 4500 | ||
|---|---|---|---|
| 001 | GR-MES1433 | ||
| 003 | GR-PaULI | ||
| 005 | 20240606132006.0 | ||
| 008 | 991111n gr a g 000 0 gre d | ||
| 040 | |a GrPaTEI |b gre |c GR-PaULI |e AACR2 | ||
| 082 | |2 657.42 |a 23 | ||
| 100 | 1 | |9 1842 |a Παπαδημητρίου, Δημήτριος Α. |e συγγραφέας. | |
| 245 | 0 | 3 | |a Το πρότυπον κόστος (standard cost) : |b ο προγραμματισμός της παραγωγής - η λογιστική του πρότυπου κόστους - ο έλεγχος της παραγωγικότητος της εκμεταλλεύσεως / |c Δημητρίου Α. Παπαδημητρίου. |
| 260 | |a Αθήνα : |b Παπαζήση, |c 1958. | ||
| 300 | |a 418 σ. : |b εικ. ; |c 24 εκ. | ||
| 504 | |a Περιλαμβάνει βιβλιογραφία: σ. [7]-9. | ||
| 650 | 4 | |a Παραγωγή |9 91 |x Κόστος | |
| 942 | |2 ddc |c BK | ||
| 952 | |0 0 |1 0 |2 ddc |4 0 |6 657_420000000000000_ΠΑΠ |7 0 |9 265636 |a MSLG |b MSLG |c BSC |d 2021-01-17 |e 24 |f 0 |g 0.00 |i 1660 |l 0 |o 657.42 ΠΑΠ |p 2420000001660 |r 2021-01-17 00:00:00 |t 1 |w 2021-01-17 |y BK15 |x 19991111 0 1 |x GrPaTEI | ||
| 952 | |0 0 |1 0 |2 ddc |4 0 |6 657_420000000000000_ΠΑΠ |7 0 |9 265637 |a MSLG |b MSLG |c BSC |d 2021-01-17 |e 24 |f 0 |g 0.00 |i 11050 |l 0 |o 657.42 ΠΑΠ |p 2420000011050 |r 2021-01-17 00:00:00 |t 2 |w 2021-01-17 |y BK15 |x 19991111 0 1 |x GrPaTEI | ||
| 998 | |c ΑΔΑΜΟΠΟΥΛΟΥ |d 2024-06 | ||
| 999 | |c 152686 |d 152686 | ||